000
00323nam a2200145Ia 4500
008
230917s9999||||xx |||||||||||||| ||und||
040
_e
37667
_a
MAIN
041
_a
English
082
_a
823.7 T749S:T
100
_a
Snow C.P
245
0
_a
Trollop
260
_a
London
_b
Macmillan
_c
1975
300
_a
191 p.
942
_c
BK
999
_c
200733
_d
200733